Epic The Musical Characters by Picture - Statistics

General Stats
  • This quiz has been taken 644 times
  • The average score is 22 of 33
Answer Stats
Picture Hint Answer % Correct
Gigi Ares
89%
Zieru Hermes
89%
Gigi Circe
88%
Ximena Natzel Penelope
88%
Gigi Scylla
88%
Neal Illustrator Zeus
88%
Mircsy Athena
87%
Neal Illustrator Apollo
86%
Duvetbox Odysseus
86%
Mircsy Polites
85%
Ximena Natzel Sirens
85%
Duvetbox Telemachus
85%
Gigi Aphrodite
83%
Gigi Aeolus
82%
Duvetbox Calypso
82%
Gigi Hephaestus
82%
Mircsy Polyphemus
80%
Noir.Hyacinth Hera
79%
Ximena Natzel Tiresias
77%
Mircsy Winions | Lotus Eaters
77%
Rosarix Charybdis
75%
Duvetbox Antinous
71%
Neal Illustrator Eurylochus
71%
Gigi Poseidon
66%
AnniFlamma Crew
51%
ShiQing47 Anticlea
50%
Gigi Astyanax
34%
Duvetbox Eurymachus
31%
Arven Elpenor
30%
Gigi Perimedes
30%
Ximena Natzel Suitors
19%
El_Crafts Melanthius
13%
Duvetbox Amphinomus
12%
No matching quizzes found
Score Distribution
Percent of People with Each Score
Percentile by Number Answered
Your Score History
You have not taken this quiz